000 00583cam a2200205 4500500
005 20260329004028.0
041 _afre
042 _adc
100 1 0 _aEnjalbert, Cédric
_eauthor
245 0 0 _aCoups de boule
260 _c2018.
500 _a99
690 _aArchitecture
690 _aGlobe
690 _aPeter Sloterdijk
690 _aRem Koolhaas
690 _aSphère
786 0 _nPhilosophie magazine | 116 | 2 | 2018-02-01 | p. 70-70 | 1951-1787
856 4 1 _uhttps://shs.cairn.info/magazine-philosophie-magazine-2018-2-page-70?lang=fr&redirect-ssocas=7080
999 _c1829920
_d1829920